[Event "Junior Online 4NCL Division 5"]
[Site "online"]
[Date "2020.05.14"]
[Round "5.56"]
[White "Barbier-Ramaiah, Rohan Theo"]
[Black "Friedersdorff, Finlay"]
[Result "1-0"]
[WhiteElo "1052"]
[BlackElo "887"]
[PlyCount "63"]
[EventDate "2020.05.14"]
[WhiteTeam "May the Fork Be With You 3"]
[BlackTeam "Leicestershire Juniors 6"]

1. d4 d5 2. c4 Nf6 3. cxd5 Nxd5 4. e4 Nf6 5. Nc3 Nc6 6. Nf3 e5 7. dxe5 Ng4 8.
Qxd8+ Kxd8 9. Bg5+ f6 10. exf6 gxf6 11. Bf4 Be6 12. Nb5 Bd6 13. Nxd6 cxd6 14.
Bxd6 Kd7 15. Be5 fxe5 16. Be2 Nd4 17. Bd3 Nxf3+ 18. gxf3 Nf6 19. O-O-O Bxa2 20.
Bc4+ Ke7 21. Bxa2 Rac8+ 22. Kb1 Nh5 23. Rd5 Ke6 24. Rc5+ Kd7 25. Rxe5 Nf4 26.
Rg1 Ne2 27. Rg7+ Kd6 28. Rd5+ Ke6 29. Rdd7+ Kf6 30. Rdf7+ Ke5 31. Rf5+ Kd4 32.
Rd5# 1-0

[Event "Junior Online 4NCL Division 5"]
[Site "online"]
[Date "2020.05.14"]
[Round "5.57"]
[White "Kadir, Karo"]
[Black "Tager, Maya"]
[Result "1-0"]
[WhiteElo "850"]
[BlackElo "1090"]
[PlyCount "31"]
[EventDate "2020.05.14"]
[WhiteTeam "Leicestershire Juniors 6"]
[BlackTeam "May the Fork Be With You 3"]

1. e4 c5 2. Nf3 e6 3. Nc3 d5 4. exd5 exd5 5. d4 c4 6. b3 Be6 7. bxc4 dxc4 8. d5
Bg4 9. Be2 Bb4 10. Bd2 Qa5 11. Bxc4 Bxc3 12. Bxc3 Qxc3+ 13. Kf1 Qxc4+ 14. Kg1
Qc3 15. Qe1+ Ne7 16. Qxc3 1-0

[Event "Junior Online 4NCL Division 5"]
[Site "online"]
[Date "2020.05.14"]
[Round "5.58"]
[White "Sharma, Krish"]
[Black "Prashanth, Shashank"]
[Result "1-0"]
[WhiteElo "1037"]
[BlackElo "880"]
[PlyCount "61"]
[EventDate "2020.05.14"]
[WhiteTeam "May the Fork Be With You 3"]
[BlackTeam "Leicestershire Juniors 6"]

1. d4 d5 2. Bf4 e6 3. e3 Nc6 4. Bd3 a6 5. c3 Nf6 6. Nd2 Bd6 7. Bg3 Be7 8. Ngf3
h6 9. Qe2 Bd6 10. Bc2 Bxg3 11. hxg3 Rg8 12. Ne5 Nxe5 13. dxe5 Ne4 14. Nxe4 dxe4
15. Bxe4 Bd7 16. Bxb7 Rb8 17. Qxa6 f6 18. O-O-O Qe7 19. Be4 f5 20. Bf3 Bc8 21.
Qc6+ Qd7 22. Rxd7 Bxd7 23. Qxc7 Rc8 24. Qb7 Kd8 25. Rd1 Rc7 26. Qa8+ Rc8 27.
Qa4 Ke8 28. Qxd7+ Kf8 29. Qxc8+ Kf7 30. Bh5+ g6 31. Rd7# 1-0

[Event "Junior Online 4NCL Division 5"]
[Site "online"]
[Date "2020.05.14"]
[Round "5.59"]
[White "Durling, Charlie"]
[Black "Lombardo, Martino"]
[Result "1-0"]
[WhiteElo "1105"]
[BlackElo "917"]
[PlyCount "53"]
[EventDate "2020.05.14"]
[WhiteTeam "May the Fork Be With You 3"]
[BlackTeam "Leicestershire Juniors 6"]

1. d4 d5 2. c4 dxc4 3. e4 Nc6 4. Nf3 Nf6 5. Nc3 e6 6. a3 Bd6 7. e5 Ne4 8. Nxe4
Be7 9. Bxc4 O-O 10. O-O f6 11. Qb3 fxe5 12. dxe5 Na5 13. Bxe6+ Bxe6 14. Qxe6+
Kh8 15. Neg5 Bxg5 16. Nxg5 Qxg5 17. Bxg5 Rae8 18. Qd5 Rf5 19. Qxa5 Rxg5 20.
Rfe1 b6 21. Qxa7 h6 22. e6 Rg6 23. e7 Rf6 24. Qxc7 Rf7 25. Qd8 Rfxe7 26. Qxe8+
Rxe8 27. Rxe8+ 1-0

[Event "Junior Online 4NCL Division 5"]
[Site "online"]
[Date "2020.05.14"]
[Round "5.60"]
[White "Friedersdorff, Finlay"]
[Black "Barbier-Ramaiah, Rohan Theo"]
[Result "0-1"]
[WhiteElo "887"]
[BlackElo "1052"]
[PlyCount "34"]
[EventDate "2020.05.14"]
[WhiteTeam "Leicestershire Juniors 6"]
[BlackTeam "May the Fork Be With You 3"]

1. e4 e5 2. Nf3 Nc6 3. Bc4 Be7 4. Nc3 Nf6 5. d3 O-O 6. Be3 d6 7. d4 Bg4 8. d5
Nd4 9. Bxd4 exd4 10. Qxd4 c5 11. Qe3 Re8 12. Nh4 Nxd5 13. Bxd5 Bxh4 14. Qf4 Bh5
15. e5 Rxe5+ 16. Ne4 Bg5 17. Qf5 Rxf5 0-1

[Event "Junior Online 4NCL Division 5"]
[Site "online"]
[Date "2020.05.14"]
[Round "5.61"]
[White "Tager, Maya"]
[Black "Kadir, Karo"]
[Result "1-0"]
[WhiteElo "1090"]
[BlackElo "850"]
[PlyCount "39"]
[EventDate "2020.05.14"]
[WhiteTeam "May the Fork Be With You 3"]
[BlackTeam "Leicestershire Juniors 6"]

1. d4 d5 2. c4 dxc4 3. Nc3 Nf6 4. Nf3 Be6 5. e4 Nc6 6. e5 Nd5 7. Bxc4 Nxc3 8.
bxc3 Bxc4 9. d5 Bxd5 10. O-O Bxf3 11. Qxf3 Nxe5 12. Qe3 f6 13. Bb2 Qd6 14. Rad1
Qc6 15. f4 Ng4 16. Qg3 Nh6 17. Rfe1 Nf5 18. Qd3 Qd7 19. Qxd7+ Kf7 20. Qxf5 1-0

[Event "Junior Online 4NCL Division 5"]
[Site "online"]
[Date "2020.05.14"]
[Round "5.62"]
[White "Prashanth, Shashank"]
[Black "Sharma, Krish"]
[Result "0-1"]
[WhiteElo "880"]
[BlackElo "1037"]
[PlyCount "106"]
[EventDate "2020.05.14"]
[WhiteTeam "Leicestershire Juniors 6"]
[BlackTeam "May the Fork Be With You 3"]

1. e4 c6 2. Nc3 d5 3. Bd3 e5 4. Nf3 dxe4 5. Bxe4 Nd7 6. d3 Bc5 7. Qe2 Ne7 8.
Be3 Bb6 9. O-O-O f6 10. d4 exd4 11. Bxd4 O-O 12. Rhe1 Re8 13. Qd3 Ne5 14. Bxh7+
Kf8 15. Nxe5 fxe5 16. Rxe5 Bxd4 17. Qxd4 Qxd4 18. Rxd4 Ng6 19. Rxe8+ Kxe8 20.
Bxg6+ Ke7 21. Re4+ Kf6 22. Bh5 Bf5 23. Re3 Kg5 24. Bd1 Rh8 25. h3 Kf4 26. Rf3+
Ke5 27. Re3+ Kf6 28. Rf3 Re8 29. g4 g6 30. gxf5 gxf5 31. Kd2 Rh8 32. Ne4+ Ke5
33. Kd3 fxe4+ 34. Ke3 exf3 35. Kxf3 Rxh3+ 36. Ke2 Kd5 37. b3 b5 38. f3 Kd4 39.
Kd2 a5 40. c3+ Kc5 41. a3 Rh2+ 42. Be2 a4 43. b4+ Kd5 44. Ke3 Rh1 45. Kf4 Ke6
46. Kg5 Rg1+ 47. Kf4 Kf6 48. Ke3 Ra1 49. f4 Rxa3 50. Ke4 Rxc3 51. f5 a3 52. Kf4
a2 53. Bf3 a1=Q 0-1

[Event "Junior Online 4NCL Division 5"]
[Site "online"]
[Date "2020.05.14"]
[Round "5.65"]
[White "Kalavadia, Kunal"]
[Black "Allen, George"]
[Result "0-1"]
[WhiteElo "700"]
[BlackElo "1382"]
[PlyCount "56"]
[EventDate "2020.05.14"]
[WhiteTeam "Watford 5"]
[BlackTeam "KJCA Young Kestrels F"]

1. a4 e5 2. Na3 d5 3. d3 Nc6 4. Nf3 Nf6 5. e4 d4 6. c3 a6 7. Bg5 Bg4 8. Nh4
Bxd1 9. Kxd1 h6 10. Bxf6 Qxf6 11. g3 g5 12. Ng2 Qxf2 13. Be2 Qxg2 14. Re1 Qxh2
15. Rc1 Qxg3 16. Bf1 O-O-O 17. Kd2 dxc3+ 18. Rxc3 Bb4 19. Rec1 Bxc3+ 20. Kxc3
h5 21. Be2 h4 22. b3 h3 23. b4 h2 24. Nc4 h1=Q 25. Rxh1 Rxh1 26. b5 Qe1+ 27.
Kb3 Qxe2 28. Kc3 Rxd3# 0-1

[Event "Junior Online 4NCL Division 5"]
[Site "online"]
[Date "2020.05.14"]
[Round "5.66"]
[White "Davies, Violet"]
[Black "Manoj Kumar, Arth"]
[Result "1-0"]
[WhiteElo "1225"]
[BlackElo "700"]
[PlyCount "53"]
[EventDate "2020.05.14"]
[WhiteTeam "KJCA Young Kestrels F"]
[BlackTeam "Watford 5"]

1. e4 e5 2. Nf3 Nc6 3. Bc4 Nf6 4. Nc3 Bc5 5. O-O Ba3 6. bxa3 d6 7. d3 O-O 8.
Bg5 h6 9. Bh4 g5 10. Bg3 Bg4 11. h3 Bxf3 12. Qxf3 g4 13. hxg4 Nd4 14. Qd1 h5
15. gxh5 Kg7 16. Bh4 b5 17. Bd5 c6 18. Bxc6 Rc8 19. Nd5 Nxc6 20. Bxf6+ Qxf6 21.
Nxf6 Kxf6 22. Qf3+ Ke7 23. Rab1 Rh8 24. Qf5 Rcg8 25. Rxb5 Nd4 26. Rb7+ Kd8 27.
Qd7# 1-0

[Event "Junior Online 4NCL Division 5"]
[Site "online"]
[Date "2020.05.14"]
[Round "5.67"]
[White "Taylor, Tamuka"]
[Black "Heard, Ben"]
[Result "0-1"]
[WhiteElo "700"]
[BlackElo "1240"]
[PlyCount "30"]
[EventDate "2020.05.14"]
[WhiteTeam "Watford 5"]
[BlackTeam "KJCA Young Kestrels F"]

1. f3 d5 2. g3 c6 3. h3 Nf6 4. e3 e5 5. d3 Bd6 6. c3 e4 7. b3 Bxg3+ 8. Ke2
exf3+ 9. Kxf3 Bh4 10. Ne2 O-O 11. Bg2 Re8 12. Na3 Bf5 13. Bd2 Bxd3 14. Nd4 Qe7
15. Qe2 Qe4# 0-1

[Event "Junior Online 4NCL Division 5"]
[Site "online"]
[Date "2020.05.14"]
[Round "5.69"]
[White "Allen, George"]
[Black "Kalavadia, Kunal"]
[Result "1-0"]
[WhiteElo "1382"]
[BlackElo "700"]
[PlyCount "107"]
[EventDate "2020.05.14"]
[WhiteTeam "KJCA Young Kestrels F"]
[BlackTeam "Watford 5"]

1. b4 e5 2. Bb2 d6 3. e4 f6 4. Nf3 Nc6 5. b5 Nb4 6. a3 Nc6 7. bxc6 bxc6 8. c3
Nh6 9. d4 c5 10. dxc5 dxc5 11. Qxd8+ Kxd8 12. Bc4 Be7 13. O-O Rb8 14. Bc1 f5
15. Rd1+ Ke8 16. Nxe5 Bf6 17. Nc6 Rb6 18. Nxa7 Rb7 19. Nb5 fxe4 20. Re1 Kf8 21.
Rxe4 Bf5 22. Re1 Rb8 23. Nxc7 Rb7 24. Ne6+ Kf7 25. Nd8+ Kg6 26. Nxb7 Rb8 27.
Nxc5 Rc8 28. Be3 Ng4 29. h3 Nxe3 30. Rxe3 Bg5 31. Re5 Kf6 32. Rd5 Bg6 33. Ne4+
Ke6 34. Nxg5+ Kf6 35. Nf3 Bf7 36. Rd6+ Ke7 37. Rd1 Bxc4 38. a4 Ba6 39. a5 g6
40. Ra2 Rc5 41. Re2+ Kf7 42. Rd7+ Kf6 43. Rd6+ Kf7 44. Rxa6 Rc7 45. Ng5+ Kg7
46. Ne6+ Kf7 47. Nxc7 Kf8 48. Rf6+ Kg7 49. Ne8+ Kh6 50. a6 Kg5 51. a7 Kh5 52.
a8=Q Kg5 53. Re5+ Kh4 54. Qe4# 1-0

[Event "Junior Online 4NCL Division 5"]
[Site "online"]
[Date "2020.05.14"]
[Round "5.70"]
[White "Manoj Kumar, Arth"]
[Black "Davies, Violet"]
[Result "0-1"]
[WhiteElo "700"]
[BlackElo "1225"]
[PlyCount "24"]
[EventDate "2020.05.14"]
[WhiteTeam "Watford 5"]
[BlackTeam "KJCA Young Kestrels F"]

1. e4 e5 2. Nf3 Nc6 3. Nh4 Bc5 4. Nf5 Nf6 5. Nxg7+ Kf8 6. Nf5 Nxe4 7. Qh5 Bxf2+
8. Ke2 Nd4+ 9. Kd3 d5 10. Ng7 Qe7 11. Nf5 Qc5 12. Nh6 Qc4# 0-1

[Event "Junior Online 4NCL Division 5"]
[Site "online"]
[Date "2020.05.14"]
[Round "5.71"]
[White "Heard, Ben"]
[Black "Taylor, Tamuka"]
[Result "1-0"]
[WhiteElo "1240"]
[BlackElo "700"]
[PlyCount "23"]
[EventDate "2020.05.14"]
[WhiteTeam "KJCA Young Kestrels F"]
[BlackTeam "Watford 5"]

1. e4 d5 2. exd5 e6 3. dxe6 f6 4. Bc4 Bxe6 5. Bxe6 Ke7 6. Bb3 Qxd2+ 7. Bxd2 Nc6
8. Nc3 Rd8 9. Qe2+ Kd6 10. O-O-O Be7 11. Bf4+ Kc5 12. Qb5# 1-0

[Event "Junior Online 4NCL Division 5"]
[Site "online"]
[Date "2020.05.14"]
[Round "5.75"]
[White "Bett, Joshua"]
[Black "Saxby, Ben"]
[Result "0-1"]
[WhiteElo "906"]
[BlackElo "917"]
[PlyCount "74"]
[EventDate "2020.05.14"]
[WhiteTeam "Friar Tucks"]
[BlackTeam "Manchester Juniors D"]

1. e4 e5 2. Qh5 Nc6 3. Bc4 Qe7 4. Nf3 g6 5. Qg5 Qc5 6. d3 Nd4 7. Qxe5+ Qxe5 8.
Nxe5 Nxc2+ 9. Kf1 Nxa1 10. Nxf7 Bg7 11. f4 Nc2 12. Ne5 d6 13. Nf3 Nd4 14. Ng5
Bg4 15. Bf7+ Kd7 16. b3 Rf8 17. Ba3 Be2+ 18. Kf2 Bf6 19. e5 Bxg5 20. fxg5 Rxf7+
21. Ke3 Nc2+ 22. Kxe2 Nd4+ 23. Kd2 Rf2+ 24. Ke3 Rxg2 25. Kxd4 dxe5+ 26. Kxe5
Rxg5+ 27. Kf4 Ra5 28. Rc1 Ne7 29. Bb4 Rf8+ 30. Kg4 Rxa2 31. Nc3 h5+ 32. Kg5
Rxh2 33. Re1 Rf5+ 34. Kh6 Ng8+ 35. Kxg6 Rf6+ 36. Kg7 Rg2+ 37. Kh8 Rh6# 0-1

[Event "Junior Online 4NCL Division 5"]
[Site "online"]
[Date "2020.05.14"]
[Round "5.77"]
[White "Tumurugoti, Vaed"]
[Black "Pickett, George"]
[Result "1-0"]
[WhiteElo "865"]
[BlackElo "775"]
[PlyCount "65"]
[EventDate "2020.05.14"]
[WhiteTeam "Friar Tucks"]
[BlackTeam "Manchester Juniors D"]

1. e4 e5 2. Nc3 Bc5 3. Nh3 Nf6 4. Bc4 O-O 5. O-O h6 6. d3 d6 7. Rb1 Bxh3 8.
gxh3 Qd7 9. Qf3 Nc6 10. b4 Bd4 11. Nb5 Bxf2+ 12. Rxf2 Nd4 13. Nxd4 exd4 14. e5
dxe5 15. Bb2 Rfe8 16. Re1 b5 17. Rg2 Kf8 18. Bb3 e4 19. Rxe4 Nxe4 20. dxe4 d3
21. cxd3 Re6 22. Qf5 Qxd3 23. Qc5+ Ke8 24. Bd5 Qd2 25. Rxd2 Rg6+ 26. Kf2 Rf6+
27. Ke3 Rg6 28. Bxa8 Rg5 29. Qc6+ Ke7 30. Rd7+ Ke8 31. Qxc7 Rg3+ 32. Kf4 Rxh3
33. Qc8# 1-0

[Event "Junior Online 4NCL Division 5"]
[Site "online"]
[Date "2020.05.14"]
[Round "5.79"]
[White "Saxby, Ben"]
[Black "Bett, Joshua"]
[Result "0-1"]
[WhiteElo "917"]
[BlackElo "906"]
[PlyCount "38"]
[EventDate "2020.05.14"]
[WhiteTeam "Manchester Juniors D"]
[BlackTeam "Friar Tucks"]

1. d4 d6 2. Nf3 f6 3. Nc3 e5 4. e4 exd4 5. Nxd4 c5 6. Nb3 d5 7. exd5 Qe7+ 8.
Be3 c4 9. Nd4 Qb4 10. a3 Qxb2 11. Bxc4 Qxc3+ 12. Bd2 Qxc4 13. Rb1 Qxd4 14. Rb4
Qxd5 15. O-O Bd7 16. Qb1 Bd6 17. Rxb7 Qe5 18. Rxb8+ Rxb8 19. Qd1 Qxh2# 0-1

[Event "Junior Online 4NCL Division 5"]
[Site "online"]
[Date "2020.05.14"]
[Round "5.80"]
[White "Liu, Lucy"]
[Black "Winser, Frederick"]
[Result "0-1"]
[WhiteElo "887"]
[BlackElo "947"]
[PlyCount "72"]
[EventDate "2020.05.14"]
[WhiteTeam "Friar Tucks"]
[BlackTeam "Manchester Juniors D"]

1. e4 e5 2. Bc4 Nc6 3. Nf3 d6 4. d4 exd4 5. Nxd4 Nxd4 6. Qxd4 Be7 7. O-O c5 8.
Qd1 Nf6 9. Nc3 Nxe4 10. Nxe4 d5 11. Bxd5 O-O 12. Bf4 Re8 13. Qh5 Be6 14. Bxe6
fxe6 15. Qd1 Qa5 16. Qd7 Qa6 17. Rad1 Rad8 18. Qxe6+ Qxe6 19. Bc7 Rxd1 20. Rxd1
Qxe4 21. f3 Qxc2 22. Rd7 Qxb2 23. Bf4 Bg5 24. Kf1 Bxf4 25. Rd1 c4 26. g3 Bd2
27. g4 c3 28. f4 c2 29. Rxd2 c1=Q+ 30. Kf2 Qcxd2+ 31. Kg3 Qxh2+ 32. Kf3 Qb4 33.
f5 Qh3+ 34. Kf2 Qb2+ 35. Kg1 Qhc3 36. f6 Qcc1# 0-1

[Event "Junior Online 4NCL Division 5"]
[Site "online"]
[Date "2020.05.14"]
[Round "5.81"]
[White "Pickett, George"]
[Black "Tumurugoti, Vaed"]
[Result "1-0"]
[WhiteElo "775"]
[BlackElo "865"]
[PlyCount "87"]
[EventDate "2020.05.14"]
[WhiteTeam "Manchester Juniors D"]
[BlackTeam "Friar Tucks"]

1. e4 e5 2. Bc4 Nf6 3. Nc3 Bc5 4. Nf3 Ng4 5. O-O g6 6. Nxe5 Nxe5 7. d4 Bd6 8.
dxe5 Bxe5 9. Qd5 d6 10. f4 c6 11. Qd2 Bg7 12. f5 Qf6 13. Qd1 gxf5 14. exf5 d5
15. Bd3 O-O 16. Rf3 d4 17. Ne2 Qe5 18. Rh3 Bxf5 19. Rh4 Nd7 20. Nf4 Rfe8 21.
Qh5 Qe1+ 22. Bf1 f6 23. Qxh7+ Kf7 24. Qh5+ Ke7 25. Ng6+ Kd6 26. Bf4+ Kc5 27. h3
Qxa1 28. c3 Re1 29. cxd4+ Kb4 30. a3+ Kb3 31. Qf3+ Ka4 32. Kh2 Rae8 33. b3+
Kxa3 34. Bd6+ c5 35. dxc5 Bf8 36. b4+ R1e3 37. Qxf5 Nxc5 38. bxc5 Qd4 39. Rxd4
b6 40. cxb6+ Kb2 41. Qc5 Rb8 42. Rb4+ Ka1 43. Qa5+ Ra3 44. Qxa3# 1-0

[Event "Junior Online 4NCL Division 5"]
[Site "online"]
[Date "2020.05.14"]
[Round "5.82"]
[White "Golding, Daniel"]
[Black "Hitchman, George S"]
[Result "1-0"]
[WhiteElo "700"]
[BlackElo "760"]
[PlyCount "25"]
[EventDate "2020.05.14"]
[WhiteTeam "Friar Tucks"]
[BlackTeam "Manchester Juniors D"]

1. e4 d5 2. exd5 Qxd5 3. Nc3 Qa5 4. d4 c6 5. Bf4 e6 6. Nf3 Bb4 7. Qd3 Bxc3+ 8.
bxc3 Qa6 9. Qe4 Qa5 10. Qe5 Qxe5+ 11. Bxe5 Nd7 12. Bxg7 Ndf6 13. Bxh8 1-0

[Event "Junior Online 4NCL Division 5"]
[Site "online"]
[Date "2020.05.14"]
[Round "5.85"]
[White "Agarwal, Avi"]
[Black "Kedikoglou, Elias"]
[Result "0-1"]
[WhiteElo "737"]
[BlackElo "1277"]
[PlyCount "134"]
[EventDate "2020.05.14"]
[WhiteTeam "Uxbridge Juniors B2"]
[BlackTeam "MCS Niners"]

1. d4 d5 2. Nf3 Nc6 3. e3 Nf6 4. Bb5 a6 5. Bd3 Bg4 6. Nc3 e6 7. h3 Bh5 8. Bd2
Bd6 9. g4 Bg6 10. Nh4 Bxd3 11. cxd3 O-O 12. Qe2 Nd7 13. O-O-O Qxh4 14. e4 Nxd4
15. Qe3 Bc5 16. exd5 exd5 17. Nxd5 Rae8 18. Qg3 Ne2+ 19. Kb1 Nxg3 20. fxg3 Qxg3
21. Bf4 Qf3 22. d4 Qxd5 23. dxc5 Qe4+ 24. Kc1 Nxc5 25. Bxc7 Qe3+ 26. Kb1 Nd3
27. b3 Qc5 28. Bg3 Nf2 29. Bxf2 Qxf2 30. Rhf1 Qh2 31. Rh1 Qg2 32. Rhg1 Qxh3 33.
Rd7 Rd8 34. Rxb7 Qd3+ 35. Kb2 Qd2+ 36. Ka3 Rd4 37. Re7 Qg5 38. Rge1 Rdd8 39.
R7e5 Qxg4 40. R5e4 Qc8 41. R1e2 Rfe8 42. R4e3 Rxe3 43. Rxe3 Re8 44. Rd3 Qc5+
45. Kb2 Qf2+ 46. Ka3 Qe3 47. Rxe3 Rxe3 48. Ka4 Re6 49. b4 g5 50. a3 g4 51. b5
axb5+ 52. Kxb5 g3 53. a4 g2 54. a5 g1=Q 55. a6 Qb6+ 56. Ka4 Qxa6+ 57. Kb4 Re5
58. Kc3 Qa4 59. Kd3 h5 60. Kd2 Rf5 61. Ke3 Rg5 62. Kf3 Rb5 63. Kg3 Qc4 64. Kh3
Rb3+ 65. Kh2 Qe2+ 66. Kh1 f5 67. Kg1 Rb1# 0-1

[Event "Junior Online 4NCL Division 5"]
[Site "online"]
[Date "2020.05.14"]
[Round "5.86"]
[White "Yao, Rian"]
[Black "Watson, Lewis"]
[Result "1-0"]
[WhiteElo "1150"]
[BlackElo "737"]
[PlyCount "55"]
[EventDate "2020.05.14"]
[WhiteTeam "MCS Niners"]
[BlackTeam "Uxbridge Juniors B2"]

1. e4 e5 2. Nf3 f6 3. Nc3 Nc6 4. Bb5 Nb4 5. O-O Ne7 6. a3 c6 7. Bc4 Nbd5 8.
exd5 d6 9. dxc6 bxc6 10. Re1 d5 11. Bb3 Bf5 12. d4 e4 13. Nh4 Be6 14. f3 exf3
15. Rxe6 g6 16. gxf3 Kf7 17. Qe1 Qb6 18. Qe3 Nf5 19. Nxf5 gxf5 20. Nxd5 cxd5
21. Rxb6 axb6 22. Bxd5+ Kg7 23. Bxa8 Bd6 24. Qe6 Rxa8 25. Qxd6 Re8 26. Qd7+ Kf8
27. Bh6+ Kg8 28. Qg7# 1-0

[Event "Junior Online 4NCL Division 5"]
[Site "online"]
[Date "2020.05.14"]
[Round "5.87"]
[White "Degun, Rubind"]
[Black "Large, Marcus"]
[Result "1-0"]
[WhiteElo "737"]
[BlackElo "857"]
[PlyCount "39"]
[EventDate "2020.05.14"]
[WhiteTeam "Uxbridge Juniors B2"]
[BlackTeam "MCS Niners"]

1. e4 e5 2. Nf3 Nc6 3. Bc4 Bc5 4. Nc3 Bb4 5. a3 Ba5 6. b4 Bb6 7. Nd5 Bd4 8. c3
Nf6 9. cxd4 Nxd4 10. Nxd4 exd4 11. Nxf6+ Kf8 12. Ng4 h5 13. Ne5 Qe8 14. f4 f6
15. Nf3 Qxe4+ 16. Kf1 Qxf3+ 17. Qxf3 g5 18. Ba2 g4 19. Qb3 c6 20. Qf7# 1-0

[Event "Junior Online 4NCL Division 5"]
[Site "online"]
[Date "2020.05.14"]
[Round "5.88"]
[White "Coussios, Peter"]
[Black "Sander, Daniel"]
[Result "1-0"]
[WhiteElo "850"]
[BlackElo "737"]
[PlyCount "65"]
[EventDate "2020.05.14"]
[WhiteTeam "MCS Niners"]
[BlackTeam "Uxbridge Juniors B2"]

1. e4 e5 2. Nf3 Nc6 3. Nc3 Nf6 4. Bb5 Bc5 5. Ng5 O-O 6. d3 d6 7. Bxc6 bxc6 8.
Nf3 Bg4 9. Bg5 h6 10. Bxf6 Qxf6 11. O-O Rfe8 12. Qd2 d5 13. Rae1 dxe4 14. dxe4
Bxf3 15. gxf3 Qg6+ 16. Kh1 Re6 17. h3 Qg5 18. Rg1 Qh4 19. Rg4 Qxh3+ 20. Kg1
Qxf3 21. Rg3 Qf4 22. Qd1 Bxf2+ 23. Kh2 Bxg3+ 24. Kg2 Bxe1 25. Qxe1 Qg4+ 26. Qg3
Qf5 27. exf5 Rd6 28. Ne4 Rd4 29. Qg4 Rb8 30. c3 Rd3 31. f6 Rxb2+ 32. Kh1 Re3
33. Qxg7# 1-0

[Event "Junior Online 4NCL Division 5"]
[Site "online"]
[Date "2020.05.14"]
[Round "5.89"]
[White "Kedikoglou, Elias"]
[Black "Agarwal, Avi"]
[Result "1-0"]
[WhiteElo "1277"]
[BlackElo "737"]
[PlyCount "107"]
[EventDate "2020.05.14"]
[WhiteTeam "MCS Niners"]
[BlackTeam "Uxbridge Juniors B2"]

1. d4 d5 2. Bf4 e6 3. Nf3 Nc6 4. Nbd2 Bb4 5. c3 Bd6 6. e3 Nf6 7. Bd3 Nh5 8.
Bxd6 Qxd6 9. e4 dxe4 10. Nxe4 Qd7 11. Nfg5 h6 12. Qxh5 g6 13. Qh3 hxg5 14.
Qxh8+ Ke7 15. Qf6+ Ke8 16. Nxg5 Qe7 17. Qh8+ Qf8 18. Qxf8+ Kxf8 19. O-O f6 20.
Nh7+ Kg7 21. Bxg6 Kxg6 22. Nf8+ Kf7 23. Nh7 Kg7 24. Nxf6 Kxf6 25. f4 Ke7 26. g4
Kf8 27. h4 Kg7 28. h5 Bd7 29. f5 exf5 30. gxf5 Rf8 31. h6+ Kxh6 32. Rae1 Bxf5
33. d5 Nd8 34. Re5 Bd3 35. Rxf8 Kg7 36. Rxd8 Kf7 37. Rd7+ Kf6 38. Re3 Bf5 39.
Rf3 c6 40. dxc6 bxc6 41. Rxa7 Ke5 42. Ra6 c5 43. Ra5 Ke4 44. Rg3 c4 45. Rg5 Kf4
46. Raxf5+ Ke4 47. Rc5 Kd3 48. Rgd5+ Kc2 49. Rxc4 Kxb2 50. a4 Ka3 51. a5 Kb3
52. Rdd4 Ka3 53. a6 Kb3 54. a7 1-0

[Event "Junior Online 4NCL Division 5"]
[Site "online"]
[Date "2020.05.14"]
[Round "5.90"]
[White "Watson, Lewis"]
[Black "Yao, Rian"]
[Result "0-1"]
[WhiteElo "737"]
[BlackElo "1150"]
[PlyCount "44"]
[EventDate "2020.05.14"]
[WhiteTeam "Uxbridge Juniors B2"]
[BlackTeam "MCS Niners"]

1. e4 e5 2. Bc4 Nf6 3. Nf3 Nc6 4. Ng5 d5 5. Bxd5 Nxd5 6. exd5 Nb4 7. d6 cxd6 8.
Ne4 Bf5 9. f3 Bxe4 10. fxe4 Qh4+ 11. Ke2 Qxe4+ 12. Kf1 Nxc2 13. Qxc2 Qxc2 14.
Nc3 Be7 15. Nd5 Qd3+ 16. Ke1 Qxd5 17. b3 Qxg2 18. Rf1 Qxh2 19. Ba3 Bh4+ 20. Kd1
O-O 21. Bxd6 Rfd8 22. Bxe5 Qxd2# 0-1

[Event "Junior Online 4NCL Division 5"]
[Site "online"]
[Date "2020.05.14"]
[Round "5.91"]
[White "Large, Marcus"]
[Black "Degun, Rubind"]
[Result "0-1"]
[WhiteElo "857"]
[BlackElo "737"]
[PlyCount "108"]
[EventDate "2020.05.14"]
[WhiteTeam "MCS Niners"]
[BlackTeam "Uxbridge Juniors B2"]

1. d4 d5 2. Nc3 Nf6 3. Bf4 Bf5 4. e4 dxe4 5. Be2 Nc6 6. Nf3 exf3 7. Bxf3 Nb4 8.
O-O e6 9. a3 Nc6 10. b4 Bd6 11. g3 Bxf4 12. gxf4 b6 13. Bxc6+ Nd7 14. Qh5 Rb8
15. Rae1 Bg6 16. Qg4 f5 17. Qg3 Kf8 18. Rxe6 Nf6 19. Nb5 Ne4 20. Qe3 Nf6 21.
Rd6 cxd6 22. Nxa7 Qc7 23. Qc3 Qxa7 24. Qe3 Re8 25. Bxe8 Nxe8 26. c4 Bf7 27. c5
Bd5 28. f3 Ba8 29. cxb6 Qxb6 30. a4 h5 31. a5 Qc6 32. d5 Qxd5 33. Qa3 Rh6 34.
Qa4 Bc6 35. Qc2 Rg6+ 36. Kh1 Qxf3+ 37. Rxf3 Bxf3+ 38. Qg2 Bxg2+ 39. Kg1 Be4+
40. Kf2 Rg2+ 41. Ke3 Nc7 42. b5 Nd5+ 43. Kd4 Nb4 44. b6 Nc6+ 45. Kc4 d5+ 46.
Kb5 d4 47. b7 Rb2+ 48. Ka6 Nb8+ 49. Ka7 Nc6+ 50. Ka8 d3 51. b8=Q+ Nxb8+ 52. Ka7
d2 53. h4 d1=R 54. a6 Rd7# 0-1

[Event "Junior Online 4NCL Division 5"]
[Site "online"]
[Date "2020.05.14"]
[Round "5.92"]
[White "Sander, Daniel"]
[Black "Coussios, Peter"]
[Result "1-0"]
[WhiteElo "737"]
[BlackElo "850"]
[PlyCount "61"]
[EventDate "2020.05.14"]
[WhiteTeam "Uxbridge Juniors B2"]
[BlackTeam "MCS Niners"]

1. e4 e5 2. Nf3 Nc6 3. Nc3 Nf6 4. Bc4 h6 5. O-O Bb4 6. d3 Bxc3 7. bxc3 O-O 8.
Be3 Kh7 9. Bc5 Re8 10. Bxf7 Re7 11. Bxe7 Qxe7 12. Bd5 Nxd5 13. exd5 Na5 14. h3
e4 15. Nh4 Qxh4 16. dxe4 Qxe4 17. Re1 Nc4 18. Rxe4 Nb2 19. Qb1 Na4 20. Qb4 Nxc3
21. Qxc3 c6 22. dxc6 dxc6 23. Rh4 Bf5 24. Qe5 Rd8 25. Qxf5+ Kg8 26. Rf4 Rf8 27.
Qxf8+ Kh7 28. Rg4 g6 29. Qf7+ Kh8 30. Rxg6 h5 31. Qg7# 1-0

[Event "Junior Online 4NCL Division 5"]
[Site "online"]
[Date "2020.05.14"]
[Round "5.95"]
[White "Lewis, Iolo"]
[Black "Lee, Damin"]
[Result "1-0"]
[WhiteElo "694"]
[BlackElo "1150"]
[PlyCount "73"]
[EventDate "2020.05.14"]
[WhiteTeam "PSE Panthers"]
[BlackTeam "Surrey Kings 1"]

1. e4 e5 2. Nf3 Nc6 3. Nc3 Nf6 4. Bb5 a6 5. Bxc6 dxc6 6. Nxe5 Bd6 7. Nf3 O-O 8.
e5 Re8 9. d4 Nd5 10. Nxd5 cxd5 11. b3 Bb4+ 12. c3 Bxc3+ 13. Bd2 Bxa1 14. Qxa1
f6 15. O-O fxe5 16. dxe5 h6 17. h3 b5 18. Re1 g5 19. Nd4 Kf7 20. g3 g4 21. hxg4
Bxg4 22. Bxh6 Qc8 23. Bf4 Ra7 24. Re3 b4 25. Qe1 a5 26. f3 Bh3 27. g4 Kg7 28.
e6 c5 29. Nf5+ Kg8 30. Nh6+ Kf8 31. Bd6+ Kg7 32. Nf5+ Kh7 33. Re2 Kg6 34. Rh2
Bxg4 35. Rh6+ Kxf5 36. Qb1+ Kg5 37. Qg6# 1-0

[Event "Junior Online 4NCL Division 5"]
[Site "online"]
[Date "2020.05.14"]
[Round "5.96"]
[White "Flanders, William"]
[Black "Evans, Finley"]
[Result "1-0"]
[WhiteElo "1112"]
[BlackElo "617"]
[PlyCount "58"]
[EventDate "2020.05.14"]
[WhiteTeam "Surrey Kings 1"]
[BlackTeam "PSE Panthers"]

1. e4 d5 2. Qh5 g6 3. Qf3 dxe4 4. Qxe4 Bf5 5. Qe5 f6 6. Qe2 Bxc2 7. Na3 Bf5 8.
Qd1 e6 9. Bc4 Bxa3 10. bxa3 Na6 11. Bxa6 bxa6 12. Nh3 g5 13. f3 Ne7 14. g4 Bd3
15. f4 gxf4 16. Nxf4 Bc4 17. Qa4+ Qd7 18. Qxc4 e5 19. Ng2 Rg8 20. Qxg8+ Nxg8
21. Nh4 Qxg4 22. Ng2 Qxg2 23. Rf1 Qxh2 24. Rf2 Qg1+ 25. Rf1 Qg3+ 26. Rf2 Ne7
27. Ke2 Nd5 28. Rf3 Nf4+ 29. Ke3 Qe1# 1-0